UK prime residential markets (Record no. 109125)

MARC details
000 -LEADER
fixed length control field 01301cad a22002295a 4500
001 - CONTROL NUMBER
control field L146339
008 - FIXED-LENGTH DATA ELEMENTS--GENERAL INFORMATION
fixed length control field 090112s2008 xxkbdo f s 000 0 eng d
035 ## - SYSTEM CONTROL NUMBER
System control number (Sirsi) u146339
041 0# - LANGUAGE CODE
Language code of text/sound track or separate title eng
050 04 - LIBRARY OF CONGRESS CALL NUMBER
Classification number 333.33 $2 18
110 2# - MAIN ENTRY--CORPORATE NAME
Corporate name or jurisdiction name as entry element Savills Research
9 (RLIN) 5211
245 00 - TITLE STATEMENT
Title UK prime residential markets
Remainder of title winter 2008
Medium [electronic resource]
260 ## - PUBLICATION, DISTRIBUTION, ETC.
Place of publication, distribution, etc. London
Name of publisher, distributor, etc. Savills Research
Date of publication, distribution, etc. 2008
490 #0 - SERIES STATEMENT
Series statement Savills UK Prime Residential Markets
Volume/sequential designation Winter 2008
520 ## - SUMMARY, ETC.
Summary, etc. Prime residential markets report shows considerable volatility in sales figures (both values and number of sales), commensurate with the tumoil in world financial markets and consequently the city. Shows that prices for prime property in central London fell by 3.9% in the third quarter of 2008 and that they now stand 12.3% below their peak value in 2007. Suggests that prices will fall further during the next 12 months as a direct result of a widening recessions and proposes that if and when a recovery begins, it will be driven by investors and rising yields.
521 ## - TARGET AUDIENCE NOTE
Target audience note Advanced
590 ## - LOCAL NOTE (RLIN)
Local note KA
651 #4 - SUBJECT ADDED ENTRY--GEOGRAPHIC NAME
Geographic name United Kingdom
Chronological subdivision
690 ## - LOCAL SUBJECT ADDED ENTRY--TOPICAL TERM (OCLC, RLIN)
Topical term or geographic name as entry element Residential property
9 (RLIN) 6266
856 40 - ELECTRONIC LOCATION AND ACCESS
Uniform Resource Identifier <a href="https://www.savills.co.uk/research/Report.aspx?nodeID=10145#">https://www.savills.co.uk/research/Report.aspx?nodeID=10145#</a>
Public note View the item free of charge online at www.savills.co.uk...
942 ## - ADDED ENTRY ELEMENTS (KOHA)
Suppress in OPAC 0
Holdings
Withdrawn status Lost status Source of classification or shelving scheme Damaged status Not for loan Home library Current library Shelving location Date acquired Total Checkouts Full call number Barcode Date last seen Copy number Price effective from Koha item type
    Dewey Decimal Classification     Virtual Virtual Online 12/01/2009   ONLINE PUBLICATION 146339-1001 06/08/2019 1 06/08/2019 Book